000 00293nam a2200121Ia 4500
005 20251222154410.0
008 251222s9999||||xx |||||||||||||| ||spa||
020 _a978-84-96998-42-1
082 _a339/N29
100 _a"Navarro, Peter"
245 0 _aMacroeconomía en la empresa
942 _cLIB
999 _c35637
_d35637